| 000 | 00474nam a2200169Ia 4500 | ||
|---|---|---|---|
| 003 | GCL | ||
| 008 | 140319s9999 xx 000 0 eng d | ||
| 040 |
_aGCL / _cGCL |
||
| 082 | 0 | 4 |
_a330 _bH M |
| 100 | 1 | _aHEATHER, KEN | |
| 245 | 1 | 0 |
_aMODERN APPLIED ECONOMICS: A PROBLEM- ORIENTED APPROACH TO ECONOMIC THEORY / _cHEATHER, KEN |
| 260 |
_a[S.N] : _bHARVESTER WHEATSHEAF ، _c1994 |
||
| 300 | _a436 P | ||
| 650 | 0 | 4 | _aECONOMICS |
| 650 | 0 | 4 | _aECONOMIC REFORM |
| 942 |
_2ddc _cBK |
||
| 999 |
_c20103 _d20103 |
||